000 00434nam a2200181Ia 4500
001 22704
005 20260414150848.0
008 260414t2013||||xx |||||||||||||| ||spa||
041 _aESP
082 _a621.3845
_bG43
100 _aGibson, Jerry D.
_eAUT
245 0 _aMobile communications handbook
_b
260 _c2013
300 _axiv, 797 páginas :
_c26 cm.
650 _aTCA
654 _aCET
942 _cLIB
_dJUS
_fJUS
_2ddc
_n
999 _c22704
_d22704